Whispering Pines Nature Trail, Tyler State Park.

Bibliographic Details
Corporate Author: Texas. Parks and Wildlife Department
Format: Government Document Book
Language:English
Published: [Austin] : [Texas Parks and Wildlife Dept.], [1988]
Subjects:

MARC

Tag First Indicator Second Indicator Subfields
LEADER 00000cam a2200000 a 4500
001 in00001069508
005 20150929095737.0
008 881108s1988 txu s00010 eng d
035 |a (OCoLC)18723091 
035 |9 AFN6382AM 
040 |a IKM  |c IKM  |d UtOrBLW 
049 |a IKMd 
086 |a P500 T971w 1988  |2 txdocs 
099 9 |a P500  |a T971w  |a 1988 
245 0 0 |a Whispering Pines Nature Trail, Tyler State Park. 
264 1 |a [Austin] :  |b [Texas Parks and Wildlife Dept.],  |c [1988] 
300 |a 14 pages :  |b illustrations, 1 map ;  |c 18 cm. 
336 |a text  |b txt  |2 rdacontent 
337 |a unmediated  |b n  |2 rdamedia 
338 |a volume  |b nc  |2 rdacarrier 
500 |a Cover title. 
500 |a "PWD-BK-4502-039A-5/88." 
651 0 |a Tyler State Park (Tex.) 
650 0 |a Nature trails  |z Texas  |z Tyler State Park. 
710 1 |a Texas.  |b Parks and Wildlife Department. 
999 |a MARS 
999 f f |s 3b12c9e3-4a3f-3a87-b48c-546f8521f506  |i 3d67e210-b2f2-33ee-a73a-ebf317688f94  |t 0 
952 f f |p normal  |a Texas A&M University  |b College Station  |c Sterling C. Evans Library  |d Evans: Texas Documents (Annex 5th floor)  |t 0  |e P500 T971w 1988  |h Superintendent of Documents classification  |i unmediated -- volume  |m A14815830726 
998 f f |a P500 T971w 1988  |t 0  |l Evans: Texas Documents (Annex 5th floor)